000 00886nam a2200241 a 4500
001 39069
003 BD-RjUL
005 20211209052918.0
008 160404b2001 bg ||||e |||| 00| 0 ben d
020 _a9840741144
_cTk.50.00
035 _a(BD-RjUL)39180
040 _aBD-RjUL
_bben
_cBD-RjUL
041 _aben
082 _223
_a398.207
_bCHR 2001
100 _aচৌধুরী,আবুল হাসান.
_9120583
245 _aরবিন্দ্রকাব্যে লোক উপাদান /
_cআবুল হাসান চৌধুরী
260 _aঢাকা:
_bবাংলা একাডেমী,
_c২০০১
300 _a[আট], ৬৪ পৃ.
_c২২ সেমি
504 _aগ্রন্থপঞ্জি সংযুক্ত
650 _aবাংলা কবিতা
_9120584
650 _aBengali Poem
_9120585
942 _2ddc
_cBK
999 _c39069
_d39069